Даты ИстРоса #6: 1605-1645 - Statistics

General Stats
  • This quiz has been taken 5 times
    4 since last reset
  • The average score is 27 of 28
Answer Stats
Событие Дата % Correct
Битва под Добрыничами 1605
100%
Правление Федора Борисовича 1605
100%
Правление Лжедмитрия I 1605-1606
100%
Свадьба Дмитрия Ивановича и Марины Юрьевны 1606
100%
Восстание Болотникова 1606-1607
100%
Правление Василия Шуйского 1606-1610
100%
Осада Тулы войсками Василия Шуйского 1607
100%
Осада Троице-Сергиева монастыря 1608-1610
100%
Заключение Выборгского договора 1609
100%
Битва при Клушине 1610
100%
Первое ополчение 1611
100%
Гибель Прокопия Ляпунова 1611
100%
Второе ополчение 1611-1612
100%
Созыв избирательного Земского собора с Михаилом Федоровичем. 1613
100%
Правление Михаила Федоровича 1613-1645
100%
Столбовский мир 1617
100%
Деулинское перемирие 1618
100%
Возвращение Филарета из Польского плена. 1619
100%
Смерть Сигизмунда III 1632
100%
Смоленская война 1632-1634
100%
Поляновский мир 1634
100%
Казнь Михаила Шеина 1634
100%
Азовское сидение 1637-1642
100%
Земский собор по поводу судьбы Азова 1642
100%
Увеличение урочных лет до 15 лет и разрешение добровольным холопам уходитьот своих господ в любое время 1607
75%
Осада Смоленска армией Сигимузмунда III 1609-1611
75%
Снятие осады с Москвы русско-шведскими войсками под руководством Михаила Скопина-Шуйского 1610
75%
Поход королевича Владислава на Москву 1617-1618
50%
No matching quizzes found
Score Distribution
Percent of People with Each Score
Percentile by Number Answered
Your Score History
You have not taken this quiz since the last reset